McGraw-Hill encyclopedia of science technology. Vol.15
Saved in:
| Format: | Book |
|---|---|
| Language: | Undetermined |
| Published: |
New York
McGraw-Hill
1966
|
| Subjects: | |
| Tags: |
Add Tag
No Tags, Be the first to tag this record!
|
| Institutions: | Trung tâm Học liệu Trường Đại học Cần Thơ |
|---|
| LEADER | 00445nam a2200157Ia 4500 | ||
|---|---|---|---|
| 001 | CTU_26191 | ||
| 008 | 210402s9999 xx 000 0 und d | ||
| 082 | |a 503 | ||
| 082 | |b M113/Vol.15 | ||
| 245 | 0 | |a McGraw-Hill encyclopedia of science technology. Vol.15 | |
| 260 | |a New York | ||
| 260 | |b McGraw-Hill | ||
| 260 | |c 1966 | ||
| 650 | |a science - dictionaries | ||
| 904 | |i Minh, 981010 | ||
| 980 | |a Trung tâm Học liệu Trường Đại học Cần Thơ | ||